header

Mesoamerican healers (Record no. 147619)

MARC details
000 -LEADER
fixed length control field 01614nam a22003974a 4500
082 04 - DEWEY DECIMAL CLASSIFICATION NUMBER
Classification number 306.4/61
245 00 - TITLE STATEMENT
Title Mesoamerican healers
250 ## - EDITION STATEMENT
Edition statement 1st ed.
260 ## - PUBLICATION, DISTRIBUTION, ETC. (IMPRINT)
Place of publication Austin, TX :
Name of publisher University of Texas Press,
Year of publication 2001.
300 ## - PHYSICAL DESCRIPTION
Number of Pages xiii, 403 p.
650 #0 - SUBJECT ADDED ENTRY--TOPICAL TERM
Topical Term Indians of Mexico
Topical Term Indians of Mexico
Topical Term Indians of Central America
Topical Term Indians of Central America
Topical Term Shamans
Topical Term Healers
Topical Term Midwives
700 1# - ADDED ENTRY--PERSONAL NAME
Personal name Huber, Brad R.
Personal name Sandstrom, Alan R.
856 40 - ELECTRONIC LOCATION AND ACCESS
Uniform Resource Identifier http://site.ebrary.com/lib/rucke/Doc?id=10190657

No items available.

© 2026 Rongo University
Contact us: librarian | system librarian | Rongo university